Регионална библиотека "Любен Каравелов" - Русе

Пред храма на Мелпомена (Запис номер 490027)

MARC детайли
000 -Лидер
Контролно поле с фиксирана дължина 01326nam a2200325 a 4500
003 - Код на организацията, давaща контролен номер
Контролно поле BLK
005 - Дата и час на последна редакция
Контролно поле 20241107131217.0
008 - Елементи от данни с фиксирана дължина
fixed length control field 230323b bu |||||r|||| 00| | bu d
020 ## - Международен стандартен номер на книга ISBN
Международен стандартен номер на книга ISBN 9789543503131
040 ## - Източник на каталожния запис
Идентификатор на билиотеката - собственик на записа BLK
041 ## - Код за език
Код за езика на текст/звукозапис или на отделно заглавие Български
Код за езика КДБФ Български
080 ## - УДК
Текстов определител УДК Самодеен театър
УДК код - определител по УДК 792.077
УДК определител .03(497.21-21)
УДК - код + определител 792.077.03(497.21-21)
100 ## - Редна дума - Автор
Автор Петкова, Павлина Якимова
R(LIN) 378622
139 ## - Редно поле
Редна дума Петкова, Павлина Якимова
Авторски знак Петко - П 44
245 ## - Сведения за заглавието
Заглавие Пред храма на Мелпомена
Подзаглавни данни Самодеен драматичен читалищен театър - гр. Бяла (1900-2015)
Редно поле (дума) Павлина Петкова
260 ## - Област на издателските данни
9 (RLIN) 210932
Място на издаване, разпространение и проч. Пловдив
Име на издателя, разпространителя и проч. Астарта
Година на издаване 2022
300 ## - Физическа характеристика
Страници 180 с.
Илюстрации и др. с ил., портр.
Размери/Мащаб 24 см
380 ## - Жанр
Жанр Изкуство
500 ## - Общи забележки
Забележка Изд. на Самодеен драмат. читалищен театър - гр. Бяла
504 ## - Забележка за наличие на библиография и др
Забележка за наличие на библиография и под. Библиогр.: с. 176-178
650 #0 - Допълнително описание по предмет – тема
9 (RLIN) 250103
Основно описание – тема или топоним Театрална самодейност - България
650 #7 - Допълнително описание по предмет – тема
9 (RLIN) 177655
Основно описание – тема или топоним Читалища - Русенско
651 #7 - Допълнително описание по предмет - топоним
9 (RLIN) 178686
Географско понятие Бяла
653 #7 - Ключова дума – ненормативна
9 (RLIN) 196019
Ключова дума самодейци
653 #7 - Ключова дума – ненормативна
9 (RLIN) 198069
Ключова дума театър
856 ## - Електронен адрес и достъп
Инструкция (цена за достъп) 0.00
Права за достъп disable
999 ## - СИСТЕМНИ КОНТРОЛНИ НОМЕРА
Koha biblionumber 490027
Koha biblioitemnumber 490027
942 ## - АРТИКУЛИ
Вид на библиотечния материал Книги
Скрит в OPAC Не
Периодичен библиозапис Да
944 ## - СЪЗДАВАНЕ И РЕДАКЦИЯ на ЗАПИСА
Създаване/Редакция Създаване
Дата на регистрацията/редакция 2023-03-23
Служител, извършил регистрацията/редакцията 30560
Статус, дата на статуса Геновева Генчева
999 ## - СИСТЕМНИ КОНТРОЛНИ НОМЕРА
Koha biblioitemnumber 490027
Наличности
Код за отписване Код за изгубен артикул Източник на класификационната схема Код за повреда Коз за рестрикции Код за отдаване Артикулен № Име на библиотеката - собственик Име на библиотеката, в която се намира в момента Статус (Текущо местоположение) Дата на вписване в системата Местоположение - отдел Цена в лева Инвентарен номер Систематично азбучна сигнатура Баркод Цена в евро Служебен тип на артикула
  Не е изгубен Universal Decimal Classification Не е повреден само за читалня ползва се в читалня 926318 Регионална библиотека "Любен Каравелов" Русе Регионална библиотека "Любен Каравелов" Русе Краезнание 2023-03-31 Краезнание 20.00 120000885554 К 792/П 44 П 120000885554 10.23 Книги
  Не е изгубен Universal Decimal Classification Не е повреден само за читалня ползва се в читалня 934856 Регионална библиотека "Любен Каравелов" Русе Регионална библиотека "Любен Каравелов" Русе Хранилище 2023-10-24 Основен фонд - ползва се само за читалня 20.00 120000894019 Цб 319744 120000894019 10.23 Книги
Vip Innovations Ltd, Rousse, Bulgaria 2025